Горные богатства Сибири и их исследования за 10 лет революции

Chi tiết về thư mục
Tác giả chính: Усов М. А. Михаил Антонович
Tác giả của công ty: Сибирский краевой комитет союза горнорабочих СССР
Tác giả khác: Кузбасов Г. А. (составитель)
Tóm tắt:Приложение к сборнику "Горняки Сибири в Революции".
Ngôn ngữ:Tiếng Nga
Được phát hành: Новосибирск, Тип. Сибкрайсоюза, 1927
Những chủ đề:
Định dạng: MixedMaterials Sách
KOHA link:https://koha.lib.tpu.ru/cgi-bin/koha/opac-detail.pl?biblionumber=143966

MARC

LEADER 00000nam0a2200000 4500
001 143966
005 20231101221050.0
010 |b 3500 экз. 
035 |a (RuTPU)RU\TPU\book\156029 
090 |a 143966 
100 |a 20080926d1927 k y0rusy50 ca 
101 0 |a rus 
102 |a RU 
105 |a y z 000zy 
200 1 |a Горные богатства Сибири и их исследования за 10 лет революции  |f М. А. Усов  |g Сибирский краевой комитет союза горнорабочих СССР ; подготовил к печати Г. А. Кузбасов 
210 |a Новосибирск  |c Тип. Сибкрайсоюза  |d 1927 
215 |a 16 с. 
300 |a Приложение к сборнику "Горняки Сибири в Революции".  
317 |5 63413507: 08-5759  |a На обложке квадратный штамп геологического кабинета ТИИ 30-х гг. и надпись "1369". 
606 1 |a Месторождения полезных ископаемых  |x Геология  |2 stltpush  |3 (RuTPU)RU\TPU\subj\42231  |9 61918 
610 1 |a геология 
610 1 |a Сибирь 
610 1 |a полезные ископаемые 
610 1 |a Средне-Сибирская платформа 
610 1 |a Алтай 
610 1 |a Кузбасс 
610 1 |a труды учёных ТПУ 
610 1 |a выпускники ТПУ 
610 1 |a Коллекция ТПУ 
675 |a 553(571.1/.5)  |v 3 
700 1 |a Усов  |b М. А.  |c российский геолог  |c профессор Томского технологического института  |f 1883-1939  |g Михаил Антонович  |2 stltpush  |3 (RuTPU)RU\TPU\pers\1941 
702 1 |a Кузбасов  |b Г. А.  |4 220 
712 0 2 |a Сибирский краевой комитет союза горнорабочих СССР  |y Новосибирск  |2 stltpush  |3 (RuTPU)RU\TPU\col\13614 
801 1 |a RU  |b 63413507  |c 20080926  |g PSBO 
801 2 |a RU  |b 63413507  |c 20210122  |g PSBO 
942 |c BK